El proceso docente-educativo en los centros de la educación técnica y profesional : la organización del proceso docente-educativo (Record no. 75005)

MARC details
000 -CABECERA
campo de control de longitud fija 00717nam a2200229 a 4500
005 - FECHA Y HORA DE LA ÚLTIMA TRANSACCIÓN
campo de control 20210219153350.0
008 - ELEMENTOS DE LONGITUD FIJA--INFORMACIÓN GENERAL
campo de control de longitud fija 991125n 000 0 u
035 ## - NÚMERO DE CONTROL DEL SISTEMA
Número de control de sistema UPN01000094229
100 1# - ASIENTO PRINCIPAL--NOMBRE PERSONAL
Nombre de persona Bernal Alemany, Rafael
222 ## - TÍTULO CLAVE
Título clave EDUCACION
245 ## - MENCIÓN DE TÍTULO
Título El proceso docente-educativo en los centros de la educación técnica y profesional : la organización del proceso docente-educativo
260 ## - PUBLICACIÓN, DISTRIBUCIÓN, ETC.
Lugar de publicación, distribución, etc. Cuba
300 ## - DESCRIPCIÓN FÍSICA
Extensión 40-50
362 0# - FECHAS DE PUBLICACIÓN Y/O DESIGNACIÓN SECUENCIAL
Fecha de publicación y/o designación secuencial 1988 Año 18, no. 71, oct.-dic.
653 0# - TERMINO DE INDIZACION - NO CONTROLADO
Término no controlado EDUCACION TECNICA
653 0# - TERMINO DE INDIZACION - NO CONTROLADO
Término no controlado ENGELS, FEDERICO, 1820-1895
653 0# - TERMINO DE INDIZACION - NO CONTROLADO
Término no controlado INSTITUCIONES EDUCATIVAS
653 0# - TERMINO DE INDIZACION - NO CONTROLADO
Término no controlado MARX, CARLOS, 1818-1883
653 0# - TERMINO DE INDIZACION - NO CONTROLADO
Término no controlado PRACTICA DOCENTE
904 ## - ELEMENTOS DE DATOS D LOCAL, LDD (RLIN)
a AC
b 032040
905 ## - TIPO DE MATERIAL
Tipo de material Articulo

No items available.